<?xml version="1.0" encoding="UTF-8"?>
<record
    xmlns:xsi="http://www.w3.org/2001/XMLSchema-instance"
    xsi:schemaLocation="http://www.loc.gov/MARC21/slim http://www.loc.gov/standards/marcxml/schema/MARC21slim.xsd"
    xmlns="http://www.loc.gov/MARC21/slim">

  <leader>01198nam a2200253   4500</leader>
  <controlfield tag="003">SEM</controlfield>
  <controlfield tag="005">20240827120343.0</controlfield>
  <controlfield tag="008">240731s2009    ai ||||gr||||||01|||arm|d</controlfield>
  <datafield tag="020" ind1=" " ind2=" ">
    <subfield code="a">978-9939-53-469-5</subfield>
  </datafield>
  <datafield tag="040" ind1=" " ind2=" ">
    <subfield code="a">SEM</subfield>
    <subfield code="c">SEM</subfield>
  </datafield>
  <datafield tag="041" ind1=" " ind2=" ">
    <subfield code="a">arm</subfield>
  </datafield>
  <datafield tag="080" ind1=" " ind2=" ">
    <subfield code="a">347.161/&#x532;-17</subfield>
  </datafield>
  <datafield tag="100" ind1=" " ind2=" ">
    <subfield code="a">&#x532;&#x561;&#x569;&#x578;&#x575;&#x561;&#x576;, &#x536;&#x561;&#x580;&#x578;&#x582;&#x570;&#x56B;</subfield>
    <subfield code="d">(1979-)</subfield>
  </datafield>
  <datafield tag="245" ind1=" " ind2=" ">
    <subfield code="a">&#x540;&#x561;&#x577;&#x574;&#x561;&#x576;&#x564;&#x561;&#x574;&#x578;&#x582;&#x569;&#x575;&#x561;&#x576; &#x56D;&#x576;&#x564;&#x56B;&#x580;&#x568; &#x587; &#x566;&#x561;&#x576;&#x563;&#x57E;&#x561;&#x56E;&#x561;&#x575;&#x56B;&#x576; &#x56C;&#x580;&#x561;&#x57F;&#x57E;&#x578;&#x582;&#x569;&#x575;&#x561;&#x576; &#x574;&#x56B;&#x57B;&#x578;&#x581;&#x576;&#x565;&#x580;&#x568; :</subfield>
    <subfield code="b">&#x548;&#x582;&#x572;&#x565;&#x581;&#x578;&#x582;&#x575;&#x581; &#x56C;&#x580;&#x561;&#x563;&#x580;&#x578;&#x572;&#x576;&#x565;&#x580;&#x56B; &#x570;&#x561;&#x574;&#x561;&#x580; /</subfield>
    <subfield code="c">&#x536;. &#x532;&#x561;&#x569;&#x578;&#x575;&#x561;&#x576; ; &#x533;&#x56B;&#x57F;. &#x56D;&#x574;&#x562;.&#x55D; &#x540;. &#x531;&#x57E;&#x565;&#x57F;&#x56B;&#x584;&#x575;&#x561;&#x576; ; &#x53D;&#x574;&#x562;&#x561;&#x563;&#x56B;&#x580;&#x576;&#x565;&#x580;&#x55D; &#x546;. &#x544;&#x561;&#x580;&#x57F;&#x56B;&#x580;&#x578;&#x57D;&#x575;&#x561;&#x576; ; &#x531;. &#x544;&#x565;&#x576;&#x565;&#x574;&#x577;&#x575;&#x561;&#x576;</subfield>
  </datafield>
  <datafield tag="260" ind1=" " ind2=" ">
    <subfield code="a">&#x535;&#x580;&#x587;&#x561;&#x576; :</subfield>
    <subfield code="b">&#xAB;&#x540;&#x578;&#x582;&#x575;&#x57D;&#x56B; &#x56F;&#x561;&#x574;&#x578;&#x582;&#x580;&#x57B;&#xBB;,</subfield>
    <subfield code="c">2009.</subfield>
  </datafield>
  <datafield tag="300" ind1=" " ind2=" ">
    <subfield code="a">123 &#x567;&#x57B; ;</subfield>
    <subfield code="c">20 &#x57D;&#x574;</subfield>
  </datafield>
  <datafield tag="504" ind1=" " ind2=" ">
    <subfield code="a">&#x53E;&#x561;&#x576;&#x578;&#x569;&#x561;&#x563;&#x580;&#x578;&#x582;&#x569;&#x575;&#x578;&#x582;&#x576;&#x576;&#x565;&#x580; &#x587; &#x585;&#x563;&#x57F;&#x561;&#x563;&#x578;&#x580;&#x56E;&#x57E;&#x561;&#x56E; &#x563;&#x580;&#x561;&#x56F;&#x561;&#x576;&#x578;&#x582;&#x569;&#x575;&#x561;&#x576; &#x581;&#x561;&#x576;&#x56F; : &#x567;&#x57B; 116-122</subfield>
  </datafield>
  <datafield tag="650" ind1=" " ind2=" ">
    <subfield code="a">&#x556;&#x56B;&#x566;&#x56B;&#x56F;&#x561;&#x56F;&#x561;&#x576; &#x570;&#x56B;&#x57E;&#x561;&#x576;&#x564;&#x578;&#x582;&#x569;&#x575;&#x578;&#x582;&#x576;&#x576;&#x565;&#x580;&#x56B; &#x57A;&#x561;&#x577;&#x57F;&#x57A;&#x561;&#x576;&#x578;&#x582;&#x569;&#x575;&#x561;&#x576; &#x56B;&#x580;&#x561;&#x57E;&#x578;&#x582;&#x576;&#x584;</subfield>
  </datafield>
  <datafield tag="653" ind1=" " ind2=" ">
    <subfield code="a">&#x54D;&#x537;&#x544;</subfield>
  </datafield>
  <datafield tag="700" ind1=" " ind2=" ">
    <subfield code="a">&#x531;&#x57E;&#x565;&#x57F;&#x56B;&#x584;&#x575;&#x561;&#x576;, &#x540;.</subfield>
    <subfield code="e">&#x563;&#x56B;&#x57F;. &#x56D;&#x574;&#x562;.</subfield>
  </datafield>
  <datafield tag="700" ind1=" " ind2=" ">
    <subfield code="a">&#x544;&#x561;&#x580;&#x57F;&#x56B;&#x580;&#x578;&#x57D;&#x575;&#x561;&#x576;, &#x546;.</subfield>
    <subfield code="e">&#x56D;&#x574;&#x562;.</subfield>
  </datafield>
  <datafield tag="700" ind1=" " ind2=" ">
    <subfield code="a">&#x544;&#x565;&#x576;&#x565;&#x574;&#x577;&#x575;&#x561;&#x576;, &#x531;.</subfield>
    <subfield code="e">&#x56D;&#x574;&#x562;.</subfield>
  </datafield>
  <datafield tag="942" ind1=" " ind2=" ">
    <subfield code="2">udc</subfield>
    <subfield code="c">BK</subfield>
  </datafield>
  <datafield tag="999" ind1=" " ind2=" ">
    <subfield code="c">75036</subfield>
    <subfield code="d">75036</subfield>
  </datafield>
  <datafield tag="952" ind1=" " ind2=" ">
    <subfield code="0">0</subfield>
    <subfield code="1">0</subfield>
    <subfield code="2">udc</subfield>
    <subfield code="4">0</subfield>
    <subfield code="7">0</subfield>
    <subfield code="8">&#x533;&#x580;&#x561;&#x57A;&#x561;&#x570;&#x578;&#x581;</subfield>
    <subfield code="a">SEM</subfield>
    <subfield code="b">SEM</subfield>
    <subfield code="d">2024-07-31</subfield>
    <subfield code="g">500.00</subfield>
    <subfield code="i">35781</subfield>
    <subfield code="l">0</subfield>
    <subfield code="o">347.161/&#x532;-17</subfield>
    <subfield code="p">35781</subfield>
    <subfield code="r">2024-07-31</subfield>
    <subfield code="w">2024-07-31</subfield>
    <subfield code="y">BK</subfield>
    <subfield code="z">&#x54D;&#x57A;&#x561;&#x57D;&#x561;&#x580;&#x56F;&#x57E;&#x578;&#x582;&#x574; &#x567; &#x568;&#x576;&#x569;&#x565;&#x580;&#x581;&#x561;&#x57D;&#x580;&#x561;&#x570;</subfield>
  </datafield>
</record>
